Call of Duty random - Statistiques

Statistiques générales
  • Ce quiz a été pris 98 fois
  • Le résultat moyen est 11 sur 24
Statistiques - réponses
Par images Réponse % Correct
MP7
96%
Semtex
84%
Ballista
81%
Desert Eagle
81%
Mp5
78%
Tour de passe-passe
76%
Favela
72%
Système Trophy
71%
Missile predator
59%
AK74u
54%
Kino der Toten
53%
G36C
46%
Aftermath
37%
Jungle
34%
Arkaden
30%
Tigre rouge
29%
Buried
25%
Détermination
25%
M27
24%
Python
24%
Pave Low
22%
Outpost
16%
RSASS
16%
District
3%
Aucun quiz correspondant
Distribution des résultats
% des personnes avec chaque résultat
Percentile par nombre de réponses
Votre historique - résultats
Vous n’avez pas pris ce quiz